000 00729nam a22001937a 4500
003 0
005 20251106133022.0
008 251106b xxu||||| |||| 00| 0 eng d
020 _a978-0-06-304096-0
050 _aHV 6322.7
_b.A339 2019
100 _aAlbom, Mitch,
_eauthor.
245 _aFinding Chika :
_ba little girl, an earthquake, and the making of a family /
_cMitch Albom.
260 _aNew York :
_bHarper,
_c2019.
300 _a243 pages :
_billustrations ;
_c17 cm.
520 _aA memoir of a Haitian orphan named Chika, taken in by the author and his wife, exploring love, illness, and family.
650 _aAdopted children
_zHaiti
_vBiography.
650 _aEarthquake victims
_zHaiti
_vBiography.
942 _2lcc
_cBK
999 _c368474
_d368474